Creating a missional culture : (Record no. 4832)

MARC details
000 -LEADER
fixed length control field 02058cam a2200337 a 4500
001 - CONTROL NUMBER
control field 17288849
003 - CONTROL NUMBER IDENTIFIER
control field GBCCL
005 - DATE AND TIME OF LATEST TRANSACTION
control field 20241126110528.0
008 - FIXED-LENGTH DATA ELEMENTS--GENERAL INFORMATION
fixed length control field 120507s2012 ilu b 000 0 eng
010 ## -
-- 2012018664
020 ## - INTERNATIONAL STANDARD BOOK NUMBER
International Standard Book Number 9780830836536 (pbk. : alk. paper)
040 ## - CATALOGING SOURCE
Original cataloging agency DLC
Transcribing agency DLC
Modifying agency DLC
042 ## -
-- pcc
050 00 -
-- BV600.3
-- .W66 2012
082 00 - DEWEY DECIMAL CLASSIFICATION NUMBER
Classification number 262.0017
Edition information 23
Item number WOO
100 1# - MAIN ENTRY--PERSONAL NAME
Personal name Woodward, J. R.,
Dates associated with a name 1963-
9 (RLIN) 8805
245 10 - TITLE STATEMENT
Title Creating a missional culture :
Remainder of title equipping the church for the sake of the world /
Statement of responsibility, etc. JR Woodward.
260 ## - PUBLICATION, DISTRIBUTION, ETC.
Place of publication, distribution, etc. Downers Grove, IL :
Name of publisher, distributor, etc. Praxis-IVP Books,
Date of publication, distribution, etc. c2012.
300 ## - PHYSICAL DESCRIPTION
Extent 256 p. ;
Dimensions 23 cm.
504 ## - BIBLIOGRAPHY, ETC. NOTE
Bibliography, etc. note Includes bibliographical references (p. [143]-256).
505 0# - FORMATTED CONTENTS NOTE
Formatted contents note Power of culture -- What is missional culture and why does it matter? -- How culture works -- What's going on in the culture of the church you serve? -- Polycentric leadership and missional culture -- Leadership imagination that shapes missional culture -- Facing today's challenges -- Hearing the story -- Deepening theological roots -- Embracing emotional health -- Relinquishing the need to control -- Culture creators -- Jesus the archetypical culture creator -- Apostles: dream awakeners -- Prophets: heart revealers -- Evangelists: story tellers -- Pastors: soul healers -- Teachers: light givers -- Embodying a missional culture -- Cultural web and the neighborhood church -- Cultivating missional environments -- Cultivating an equipping ethos -- Polycentric leadership at work -- Equippers and their roles -- Equipper candidate reference form -- Equipper candidate interview.
650 #0 - SUBJECT ADDED ENTRY--TOPICAL TERM
Topical term or geographic name entry element Church.
9 (RLIN) 263
650 #0 - SUBJECT ADDED ENTRY--TOPICAL TERM
Topical term or geographic name entry element Church renewal.
9 (RLIN) 963
650 #0 - SUBJECT ADDED ENTRY--TOPICAL TERM
Topical term or geographic name entry element Mission of the church.
9 (RLIN) 50
650 #0 - SUBJECT ADDED ENTRY--TOPICAL TERM
Topical term or geographic name entry element Missional church movement.
9 (RLIN) 8806
650 #0 - SUBJECT ADDED ENTRY--TOPICAL TERM
Topical term or geographic name entry element Emerging church movement.
9 (RLIN) 8802
650 #0 - SUBJECT ADDED ENTRY--TOPICAL TERM
Topical term or geographic name entry element Postmodernism
General subdivision Religious aspects
-- Christianity.
9 (RLIN) 8803
906 ## - LOCAL DATA ELEMENT F, LDF (RLIN)
a 7
b cbc
c orignew
d 1
e ecip
f 20
g y-gencatlg
942 ## - ADDED ENTRY ELEMENTS (KOHA)
Source of classification or shelving scheme Dewey Decimal Classification
Koha item type Books
Koha issues (borrowed), all copies 3
Holdings
Withdrawn status Lost status Source of classification or shelving scheme Damaged status Not for loan Home library Current Library Shelving location Date acquired Total checkouts Full call number Barcode Date last seen Date last checked out Copy number Price effective from Koha item type
    Dewey Decimal Classification     GRACE BIBLE COLLEGE GRACE BIBLE COLLEGE Ministry & Mission 2018-02-08 3 262.0017 WOO 014605 2025-05-01 2023-03-07 c.1 2018-02-08 Books
    Dewey Decimal Classification     GRACE BIBLE COLLEGE GRACE BIBLE COLLEGE Ministry & Mission 2021-11-15 1 262.0017 WOO 015316 2025-08-20 2025-08-13 c.2 2021-11-15 Books
© Grace Bible College Library 2025